Statistiques concernant Type de Meuble de salon

Cliquez ici pour prendre le quiz!

Statistiques générales

  • Ce quiz a été pris 47 fois
  • Le résultat moyen est 6 sur 8

Statistiques - réponses

Réponse% Correct
Chaise
100%
Canapé
95%
Étagère
95%
Fauteuil
93%
Pouf
93%
Table Basse
93%
Tabouret
66%
Table d’appoint
10%

Distribution des résultats

Percentile par nombre de réponses

% des personnes avec chaque résultat

Votre développement - résultats

Vous n’avez pas pris ce quiz